[Event "Titled Tue 1st Jul Early"]
[Site "chess.com INT"]
[Date "2025.07.01"]
[Round "2"]
[White "Beyer, Lorenz"]
[Black "Jakovljevic, Dejan"]
[Result "1-0"]
[WhiteTitle "CM"]
[BlackTitle "CM"]
[WhiteElo "2192"]
[BlackElo "1956"]
[WhiteFideId "16245393"]
[BlackFideId "949418"]
[EventDate "2025.07.01"]

1. d4 Nf6 2. Bf4 c5 3. e3 d5 4. c3 Nc6 5. Nf3 Qb6 6. Qc2 Bf5 7. dxc5 Bxc2 8.
cxb6 axb6 9. Na3 Be4 10. Nb5 Rc8 11. Nbd4 e6 12. Bb5 Nh5 13. Be5 f6 14. Bg3 e5
15. Nxc6 bxc6 16. Ba6 Rc7 17. O-O-O Ra7 18. Be2 Rxa2 19. Nh4 Ba3 20. Bxh5+ g6
21. bxa3 gxh5 22. f3 Bg6 23. Nxg6 hxg6 24. Kb1 Rxa3 25. Kb2 Ra5 26. Ra1 Rb5+ 27.
Kc2 Kd7 28. Rhb1 Rxb1 29. Rxb1 Kc7 30. e4 Ra8 31. Rb2 Ra1 32. exd5 cxd5 33. Bf2
Ra6 34. Kd3 Kc6 35. h4 b5 36. g4 hxg4 37. fxg4 Ra4 38. Rb4 1-0

[Event "Titled Tue 1st Jul Early"]
[Site "chess.com INT"]
[Date "2025.07.01"]
[Round "2"]
[White "Fernandez Siles, Luis"]
[Black "Lesovoi, Evgenij"]
[Result "0-1"]
[WhiteTitle "FM"]
[BlackTitle "FM"]
[WhiteElo "2170"]
[BlackElo "2234"]
[WhiteFideId "2209420"]
[BlackFideId "24164135"]
[EventDate "2025.07.01"]

1. d4 Nf6 2. c4 e6 3. Nf3 b6 4. a3 Bb7 5. Nc3 d5 6. cxd5 Nxd5 7. Qc2 Nd7 8. e4
Nxc3 9. bxc3 c5 10. Bd3 Rc8 11. Qe2 Be7 12. O-O O-O 13. Qe3 Qc7 14. Bd2 Rfd8 15.
d5 c4 16. Bc2 exd5 17. exd5 Nf6 18. Ng5 h6 19. Nxf7 Kxf7 20. Qe6+ Kf8 21. Bg6
Bxd5 22. Qh3 Bf7 23. Bf5 Rxd2 24. Bxc8 Rd3 25. Qf5 g6 26. Qb5 Qxc8 27. Rae1 Rd5
28. Qb1 Bc5 29. Kh1 Kg7 30. Re2 Qf5 31. Qc1 Re5 32. Rd2 Bd5 33. f3 h5 34. Rfd1
h4 35. h3 Nh5 36. Qb2 Ng3+ 37. Kh2 Qf4 0-1

[Event "Titled Tue 1st Jul Early"]
[Site "chess.com INT"]
[Date "2025.07.01"]
[Round "2"]
[White "Aradhya, Garg"]
[Black "Bouska, Jiri"]
[Result "0-1"]
[WhiteTitle "IM"]
[BlackTitle "FM"]
[WhiteElo "2370"]
[BlackElo "2296"]
[WhiteFideId "25006746"]
[BlackFideId "23722223"]
[EventDate "2025.07.01"]

1. d4 d5 2. c4 e6 3. Nf3 Nf6 4. Nc3 a6 5. cxd5 exd5 6. Qb3 Be7 7. Bg5 c6 8. e3
h6 9. Bf4 O-O 10. Bd3 Nbd7 11. h3 Re8 12. O-O c5 13. dxc5 Nxc5 14. Qc2 Nxd3 15.
Qxd3 Be6 16. Rfd1 Qb6 17. Be5 Red8 18. Rac1 Rac8 19. Rc2 Ne4 20. Rdc1 Nc5 21.
Qd4 f6 22. Bg3 Bf5 23. Nxd5 Qe6 24. Nxe7+ Qxe7 25. Qc4+ Kh7 26. Qb4 Bxc2 27.
Rxc2 Qe4 28. Rc4 Qb1+ 29. Kh2 Rd1 30. Bf4 Rh1+ 31. Kg3 Qg6+ 32. Kh4 Qxg2 33. Ng1
g5+ 34. Bxg5 Qxg5# 0-1

[Event "Titled Tue 1st Jul Early"]
[Site "chess.com INT"]
[Date "2025.07.01"]
[Round "2"]
[White "Bolacky, Jiri"]
[Black "Dyulgerov, Volen"]
[Result "1-0"]
[BlackTitle "CM"]
[WhiteElo "2121"]
[BlackElo "2181"]
[WhiteFideId "308706"]
[BlackFideId "2918978"]
[EventDate "2025.07.01"]

1. e4 e5 2. Nf3 d5 3. exd5 e4 4. Ne5 Qxd5 5. d4 exd3 6. Nxd3 Nf6 7. Nc3 Qa5 8.
Be2 Bd6 9. O-O Nc6 10. Bf4 Bxf4 11. Nxf4 O-O 12. Ncd5 Nxd5 13. Qxd5 Qb6 14. Qb5
Nd4 15. Qxb6 Nxe2+ 16. Nxe2 axb6 17. Nd4 Rd8 18. c3 c5 19. Nb5 Rd2 20. Rad1 Rxd1
21. Rxd1 Kf8 22. f3 Ke7 23. a3 Bd7 24. Nc7 Rc8 25. Nd5+ Kd8 26. Nxb6 Rc7 27. Kf2
Ke7 28. Nd5+ Kd6 29. Nxc7+ Kxc7 30. Ke3 b5 31. b4 c4 32. Kd4 Bf5 33. Kc5 Bc2 34.
Re1 Ba4 35. Re7+ Kd8 36. Rxf7 1-0

[Event "Titled Tue 1st Jul Early"]
[Site "chess.com INT"]
[Date "2025.07.01"]
[Round "2"]
[White "Bortnyk, Olexandr"]
[Black "Zhakshylykov, Erzhan"]
[Result "1-0"]
[WhiteTitle "GM"]
[BlackTitle "IM"]
[WhiteElo "2601"]
[BlackElo "2362"]
[WhiteFideId "14120828"]
[BlackFideId "13804111"]
[EventDate "2025.07.01"]

1. e4 e6 2. d4 d5 3. Nc3 Nf6 4. Bg5 dxe4 5. Nxe4 Be7 6. Bxf6 gxf6 7. Nf3 b6 8.
Bd3 Bb7 9. Qe2 c6 10. O-O Qc7 11. a4 Nd7 12. Ba6 Bxa6 13. Qxa6 f5 14. Ned2 O-O
15. Rfe1 Bf6 16. c3 c5 17. d5 e5 18. Nc4 e4 19. Nfd2 Qf4 20. Nf1 Kh8 21. Qb7 Ne5
22. Nxe5 Bxe5 23. a5 bxa5 24. Qe7 Rg8 25. g3 Rae8 26. Qxe8 1-0

[Event "Titled Tue 1st Jul Early"]
[Site "chess.com INT"]
[Date "2025.07.01"]
[Round "2"]
[White "Boramanikar, Tanisha S"]
[Black "Makaraci, Tunahan"]
[Result "0-1"]
[WhiteTitle "WCM"]
[BlackTitle "FM"]
[WhiteElo "1743"]
[BlackElo "2233"]
[WhiteFideId "35023454"]
[BlackFideId "6356559"]
[EventDate "2025.07.01"]

1. e4 e5 2. Nf3 Nc6 3. Bb5 f5 4. d4 fxe4 5. Nxe5 Nf6 6. O-O Bd6 7. Bf4 a6 8. Bc4
Qe7 9. Bf7+ Kf8 10. Nxc6 dxc6 11. Bxd6 Qxd6 12. Bc4 Ng4 13. g3 Qh6 14. h4 Bf5
15. Nc3 g5 16. Be2 Nf6 17. h5 g4 18. Kg2 Qxh5 19. Rh1 Qg6 20. Rh4 Rd8 21. Na4 e3
22. f3 Bxc2 23. Qe1 Bxa4 24. Qb4+ Rd6 25. Qxa4 gxf3+ 26. Bxf3 Rg8 27. Rh3 Ne4
28. Bxe4 Qxe4+ 29. Kh2 Rf6 30. Qb4+ Ke8 31. Qe1 Rf2+ 0-1

[Event "Titled Tue 1st Jul Early"]
[Site "chess.com INT"]
[Date "2025.07.01"]
[Round "2"]
[White "Winkels, Marcel"]
[Black "Sitbon, Itay"]
[Result "0-1"]
[WhiteTitle "CM"]
[WhiteElo "1905"]
[BlackElo "2206"]
[WhiteFideId "1003887"]
[BlackFideId "2820706"]
[EventDate "2025.07.01"]

1. e4 e5 2. Nf3 d5 3. Nxe5 Nf6 4. d4 Nxe4 5. Bd3 Nd7 6. Nxf7 Kxf7 7. Qh5+ Ke7 8.
Bxe4 dxe4 9. Qh4+ Nf6 10. O-O Kf7 11. Nc3 Bf5 12. Bg5 Be7 13. f3 e3 14. Bxe3 Nd5
15. Qh5+ g6 16. Qh6 Bf8 17. Qg5 Qxg5 18. Bxg5 Nxc3 19. bxc3 Bxc2 20. c4 Bg7 21.
Be3 Rhe8 22. Bf2 Rad8 23. Rac1 Bd3 24. Rfd1 Bxd4 25. Bxd4 Rxd4 26. Rc3 Red8 27.
c5 Bf5 28. Re1 Re8 29. Rxe8 Kxe8 30. Rb3 b6 31. cxb6 axb6 32. Rc3 Kd7 33. Rc1
Rd2 34. a3 c5 35. Kf1 Kc6 36. Ke1 Rxg2 0-1

[Event "Titled Tue 1st Jul Early"]
[Site "chess.com INT"]
[Date "2025.07.01"]
[Round "2"]
[White "Deac, Bogdan-Daniel"]
[Black "Light, Bjarne"]
[Result "1-0"]
[WhiteTitle "GM"]
[BlackTitle "CM"]
[WhiteElo "2674"]
[BlackElo "2227"]
[WhiteFideId "1226380"]
[BlackFideId "1401360"]
[EventDate "2025.07.01"]

1. d4 Nf6 2. c4 e6 3. Nc3 Bb4 4. e3 b6 5. Ne2 Bb7 6. a3 Bxc3+ 7. Nxc3 d5 8. Be2
O-O 9. O-O c5 10. dxc5 bxc5 11. cxd5 exd5 12. b4 Na6 13. Rb1 Rc8 14. Nb5 cxb4
15. axb4 Ne4 16. Bb2 Nc7 17. Nxa7 Ra8 18. Rc1 Rxa7 19. Qd4 Ne6 20. Qxa7 Bc8 21.
Rcd1 Qg5 22. f4 Qh6 23. Rxd5 Nf6 24. Rdd1 Ne4 25. Bf3 f5 26. Bxe4 fxe4 27. Rc1
Qg6 28. b5 Qf5 29. b6 Qb5 30. Ba1 Ba6 31. f5 Rf7 32. Qa8+ Rf8 33. Qxe4 Ng5 34.
Qd4 Rf7 35. Qd8+ Rf8 36. Qxg5 1-0

[Event "Titled Tue 1st Jul Early"]
[Site "chess.com INT"]
[Date "2025.07.01"]
[Round "2"]
[White "Aalto, Patrik"]
[Black "Duarte, Leonardo"]
[Result "1-0"]
[WhiteTitle "FM"]
[BlackTitle "IM"]
[WhiteElo "2316"]
[BlackElo "2304"]
[WhiteFideId "510726"]
[BlackFideId "110582"]
[EventDate "2025.07.01"]

1. c4 e5 2. g3 Nf6 3. Bg2 d5 4. cxd5 Nxd5 5. Nc3 Ne7 6. Nf3 Nbc6 7. O-O g6 8. d3
Bg7 9. Rb1 a5 10. a3 O-O 11. b4 axb4 12. axb4 h6 13. b5 Nd4 14. e3 Nxf3+ 15.
Bxf3 Bh3 16. Re1 Rb8 17. Bb2 Qd7 18. Qc2 Rfd8 19. Red1 Bg4 20. Qe2 h5 21. Ba3
Nd5 22. Ne4 b6 23. Rdc1 Ra8 24. Bb2 Ra2 25. Bxg4 hxg4 26. Qd1 f5 27. Nc3 Nxc3
28. Bxc3 Qxd3 29. Qb3+ Qd5 30. Rd1 Qxb3 31. Rxd8+ Kh7 32. Rxb3 1-0

[Event "Titled Tue 1st Jul Early"]
[Site "chess.com INT"]
[Date "2025.07.01"]
[Round "2"]
[White "Abraham, John Z"]
[Black "Alazmi, Amani"]
[Result "1-0"]
[BlackTitle "WCM"]
[WhiteElo "2108"]
[BlackElo "1733"]
[WhiteFideId "30987318"]
[BlackFideId "10303553"]
[EventDate "2025.07.01"]

1. d4 e6 2. c4 b6 3. e4 Bb7 4. Bd3 f5 5. exf5 Nf6 6. Nf3 Bb4+ 7. Bd2 Bd6 8. fxe6
dxe6 9. Nc3 O-O 10. Qe2 Na6 11. Qxe6+ Kh8 12. O-O-O Nb4 13. Bb1 Bc8 14. Qe3 Ng4
15. Qe2 Re8 16. Qf1 Bb7 17. Ng5 Qf6 18. Nce4 Qxd4 19. Bxb4 Bf4+ 20. Bd2 Rxe4 21.
Bxe4 Bxe4 22. Bxf4 1-0

[Event "Titled Tue 1st Jul Early"]
[Site "chess.com INT"]
[Date "2025.07.01"]
[Round "2"]
[White "Cuenca Jimenez, Jose Fernando"]
[Black "Gulamirian, Korun"]
[Result "1-0"]
[WhiteTitle "GM"]
[BlackTitle "CM"]
[WhiteElo "2477"]
[BlackElo "1890"]
[WhiteFideId "2255570"]
[BlackFideId "4144899"]
[EventDate "2025.07.01"]

1. d4 Nf6 2. Bf4 g6 3. Nc3 Bg7 4. e4 d6 5. Qd2 O-O 6. O-O-O Nbd7 7. Bh6 Re8 8.
Bxg7 Kxg7 9. e5 Ng8 10. h4 b6 11. h5 Bb7 12. e6 fxe6 13. hxg6 h6 14. Nh3 e5 15.
dxe5 Nxe5 16. Nf4 Qc8 17. Nh5+ Kh8 18. g7+ Kh7 19. Bd3+ Ng6 20. Nf4 Kxg7 21.
Bxg6 Rf8 22. Bd3 Qg4 23. Nh5+ Kh8 24. f3 Qe6 25. Rde1 Qf7 26. Rh4 e5 27. Bc4 Qe7
28. Reh1 c6 29. Bxg8 Kxg8 30. Qxh6 1-0

[Event "Titled Tue 1st Jul Early"]
[Site "chess.com INT"]
[Date "2025.07.01"]
[Round "2"]
[White "Bjerre, Jonas Buhl"]
[Black "Teterev, Vitaly"]
[Result "1-0"]
[WhiteTitle "GM"]
[BlackTitle "GM"]
[WhiteElo "2655"]
[BlackElo "2248"]
[WhiteFideId "1444948"]
[BlackFideId "13501429"]
[EventDate "2025.07.01"]

1. e4 c5 2. Nf3 e6 3. b3 Nc6 4. Bb2 a6 5. c4 b6 6. Nc3 e5 7. g3 d6 8. Bg2 g6 9.
O-O Bh6 10. Nd5 Nce7 11. Nxe5 dxe5 12. Bxe5 Nxd5 13. Bxh8 Nb4 14. d4 cxd4 15.
Bxd4 Ne7 16. a3 Nbc6 17. Bf6 Be6 18. f4 Qc7 19. Qe2 Rd8 20. Rad1 Rxd1 21. Rxd1
Ng8 22. Bc3 Bf8 23. Kh1 Bxa3 24. f5 Bd7 25. Qa2 Bb4 26. Bxb4 Nxb4 27. Qb2 Nc6
28. Qh8 Kf8 29. f6 Ne7 30. fxe7+ 1-0

[Event "Titled Tue 1st Jul Early"]
[Site "chess.com INT"]
[Date "2025.07.01"]
[Round "2"]
[White "Shimanov, Aleksandr"]
[Black "Jinan, Jomon"]
[Result "1-0"]
[WhiteTitle "GM"]
[BlackTitle "FM"]
[WhiteElo "2578"]
[BlackElo "2309"]
[WhiteFideId "4198603"]
[BlackFideId "35002511"]
[EventDate "2025.07.01"]

1. d4 d5 2. c4 e6 3. Nc3 a6 4. cxd5 exd5 5. Nf3 Nf6 6. Bg5 Be6 7. e3 Nbd7 8. Bd3
c6 9. O-O Bd6 10. h3 Qc7 11. Bh4 h6 12. Qe1 O-O 13. Bg3 Bxg3 14. fxg3 Rfe8 15.
g4 c5 16. Qh4 cxd4 17. exd4 Qf4 18. Rae1 Nh7 19. Kh1 Ng5 20. Nxg5 Qxg5 21. Qf2
Rac8 22. Re3 b5 23. Ne2 Nf6 24. Ng3 Bd7 25. Rxe8+ Rxe8 26. Nh5 Re6 27. Bf5 Rd6
28. Bxd7 Nxh5 29. Qxf7+ Kh7 30. Bf5+ 1-0

[Event "Titled Tue 1st Jul Early"]
[Site "chess.com INT"]
[Date "2025.07.01"]
[Round "2"]
[White "Kollars, Dmitrij"]
[Black "Levitskiy, Andrey"]
[Result "1-0"]
[WhiteTitle "GM"]
[BlackTitle "FM"]
[WhiteElo "2644"]
[BlackElo "2306"]
[WhiteFideId "12909572"]
[BlackFideId "14132885"]
[EventDate "2025.07.01"]

1. e4 e6 2. d4 d5 3. exd5 exd5 4. Nf3 Bd6 5. c4 Nf6 6. c5 Be7 7. Bd3 O-O 8. O-O
b6 9. Be3 Nc6 10. Bb5 Bd7 11. Nc3 a6 12. Bxc6 Bxc6 13. Ne5 Bb7 14. b4 b5 15. a4
c6 16. Re1 Nd7 17. Bf4 Re8 18. Qg4 Nxe5 19. Bxe5 f6 20. Bg3 Bc8 21. Qh5 Bd7 22.
h3 Bf8 23. Qf3 Be6 24. Re2 Bf7 25. Rea2 bxa4 26. Rxa4 Qc8 27. Bd6 Bxd6 28. cxd6
Qd7 29. Qg3 Rad8 30. Rxa6 Qxd6 31. Qxd6 Rxd6 32. b5 Rc8 33. Na4 Rdd8 34. b6 Rb8
35. Nc5 Be8 36. b7 Kf7 37. Ra8 Ke7 38. Rxb8 Rxb8 39. Ra8 1-0

[Event "Titled Tue 1st Jul Early"]
[Site "chess.com INT"]
[Date "2025.07.01"]
[Round "2"]
[White "Purygin, Andrei"]
[Black "Bashirov, Kemal"]
[Result "0-1"]
[WhiteTitle "FM"]
[BlackTitle "FM"]
[WhiteElo "2335"]
[BlackElo "2305"]
[WhiteFideId "24111180"]
[BlackFideId "14183650"]
[EventDate "2025.07.01"]

1. e4 e5 2. d4 exd4 3. Nf3 Nf6 4. Bc4 Nxe4 5. O-O d5 6. Re1 Be7 7. Qxd4 Nf6 8.
Bb3 O-O 9. Nc3 c5 10. Qh4 d4 11. Ne4 Nxe4 12. Qxe4 Bf6 13. Bd5 Nc6 14. Bxc6 bxc6
15. Qxc6 Bg4 16. Ne5 Rc8 17. Qa4 Bf5 18. Bf4 Qd5 19. Rac1 Rfe8 20. Nc4 Bd7 21.
Qxa7 Bc6 22. f3 Qxc4 23. Rxe8+ Rxe8 24. Qc7 Qd5 25. a4 Bxa4 26. Bd6 Bc6 27. Bg3
h5 28. Bf2 Re2 29. Qc8+ Kh7 30. Qh3 Qg5 31. Re1 Rxe1+ 32. Bxe1 Qe3+ 33. Kf1 Bb5+ 0-1

[Event "Titled Tue 1st Jul Early"]
[Site "chess.com INT"]
[Date "2025.07.01"]
[Round "2"]
[White "Cornelisse, Lorelei"]
[Black "Grutter, Tim"]
[Result "0-1"]
[WhiteTitle "WFM"]
[BlackTitle "IM"]
[WhiteElo "2129"]
[BlackElo "2405"]
[WhiteFideId "1087177"]
[BlackFideId "1057472"]
[EventDate "2025.07.01"]

1. d4 Nf6 2. Nc3 d5 3. Bf4 a6 4. e3 g6 5. h4 h5 6. Nf3 Bg7 7. Ne5 Ng4 8. Nxg4
hxg4 9. g3 Bf5 10. Be2 Qd7 11. f3 gxf3 12. Bxf3 Be6 13. Qe2 Nc6 14. Na4 Nxd4 15.
exd4 Qxa4 16. c3 O-O-O 17. b3 Qa5 18. b4 Qa3 19. Qd2 Rhe8 20. O-O Bf5 21. Rfc1
f6 22. Kh2 e5 23. dxe5 fxe5 24. Bg5 Rd7 25. Bg2 e4 26. Be3 Be5 27. Bd4 Bd6 28.
Qf2 Rh7 29. Bh3 Rxh4 0-1

[Event "Titled Tue 1st Jul Early"]
[Site "chess.com INT"]
[Date "2025.07.01"]
[Round "2"]
[White "Bacus, Dharim"]
[Black "Miserendino, Alfredo"]
[Result "1-0"]
[WhiteTitle "FM"]
[WhiteElo "2131"]
[BlackElo "2032"]
[WhiteFideId "5201527"]
[BlackFideId "101800"]
[EventDate "2025.07.01"]

1. e4 c5 2. Nf3 e6 3. d4 cxd4 4. Nxd4 Bc5 5. Nc3 Qb6 6. Na4 Qa5+ 7. c3 Bxd4 8.
Qxd4 Nf6 9. Nc5 O-O 10. Nb3 Qc7 11. Bg5 e5 12. Qe3 Qc6 13. Bd3 h6 14. Bh4 b6 15.
O-O-O a5 16. g4 a4 17. Nd2 a3 18. g5 axb2+ 19. Kxb2 hxg5 20. Qxg5 Nh7 21. Qg3
Ba6 22. Rhg1 g6 23. Bc2 Be2 24. Bb3 Kg7 25. Qxe5+ Kh6 26. Rde1 Bh5 27. f4 1-0

[Event "Titled Tue 1st Jul Early"]
[Site "chess.com INT"]
[Date "2025.07.01"]
[Round "2"]
[White "Shymanskyi, Oleksandr"]
[Black "Reshetnikov, Alexey"]
[Result "0-1"]
[WhiteTitle "FM"]
[BlackTitle "IM"]
[WhiteElo "2218"]
[BlackElo "2492"]
[WhiteFideId "14168880"]
[BlackFideId "4162080"]
[EventDate "2025.07.01"]

1. e4 e6 2. d4 d5 3. Nd2 c5 4. Ngf3 cxd4 5. Nxd4 Nf6 6. e5 Nfd7 7. N2f3 Nc6 8.
Bb5 Qc7 9. O-O Be7 10. Re1 O-O 11. c3 Ndxe5 12. Bf4 Nxf3+ 13. Qxf3 Bd6 14. Bxd6
Qxd6 15. Bxc6 bxc6 16. Rad1 e5 17. Qg3 f6 18. Nc2 a5 19. c4 Qc5 20. b3 d4 21. f4
Bf5 22. Rd2 Rfe8 23. fxe5 fxe5 24. Kh1 Bxc2 25. Rxc2 e4 26. h3 Rad8 27. Rd2 e3
28. Rd3 Qf5 29. Rdd1 c5 30. Re2 Qe4 31. Qc7 d3 32. Ree1 e2 33. Rd2 Qe3 34. Rxd3
Rxd3 0-1

[Event "Titled Tue 1st Jul Early"]
[Site "chess.com INT"]
[Date "2025.07.01"]
[Round "2"]
[White "Exposito Milan, Adrian"]
[Black "Unsal, Gorkem"]
[Result "0-1"]
[WhiteTitle "FM"]
[BlackTitle "CM"]
[WhiteElo "2179"]
[BlackElo "2109"]
[WhiteFideId "24556645"]
[BlackFideId "51607484"]
[EventDate "2025.07.01"]

1. d4 d5 2. Bf4 c5 3. e3 Nc6 4. Nf3 Nf6 5. Nbd2 Bf5 6. c3 e6 7. Bb5 Bd6 8. Bxc6+
bxc6 9. Qa4 O-O 10. Bxd6 Qxd6 11. Qa3 Qb8 12. dxc5 e5 13. O-O Bd3 14. Rfe1 e4
15. Nd4 Ng4 16. g3 Ne5 17. b4 Qc8 18. f4 exf3 19. N2xf3 f6 20. Qb2 Be4 21. Qe2
Qh3 22. Nxe5 fxe5 23. Nxc6 Rf3 24. Qg2 Qxg2+ 25. Kxg2 Rf6+ 26. Kg1 Rxc6 27. Rac1
a5 28. a3 axb4 29. axb4 Ra2 0-1

[Event "Titled Tue 1st Jul Early"]
[Site "chess.com INT"]
[Date "2025.07.01"]
[Round "2"]
[White "Goncharov, Vladimir"]
[Black "Vincenti, Leonardo"]
[Result "1-0"]
[BlackTitle "CM"]
[WhiteElo "2077"]
[BlackElo "2265"]
[WhiteFideId "34162256"]
[BlackFideId "28550820"]
[EventDate "2025.07.01"]

1. d4 Nf6 2. c4 d6 3. Nc3 g6 4. e4 Bg7 5. h3 O-O 6. Be3 e5 7. d5 Nbd7 8. g4 Ne8
9. Nge2 a5 10. Ng3 Nc5 11. h4 Qd7 12. Be2 b6 13. h5 Ba6 14. Qd2 Na4 15. Nb5 Bxb5
16. cxb5 Nc5 17. O-O-O a4 18. Kb1 Nf6 19. f3 Ra5 20. Qb4 Rfa8 21. Rdg1 Ne8 22.
hxg6 fxg6 23. Rh3 Bf6 24. Rgh1 Qe7 25. Rxh7 Qxh7 26. Rxh7 Kxh7 27. g5 Be7 28.
Qe1 Ng7 29. Qh1+ Kg8 30. Qh6 Kf7 31. Nf5 gxf5 32. g6+ Ke8 33. Qxg7 Kd7 34. Bg5
Re8 35. exf5 Kd8 36. f6 Bf8 37. f7+ Kd7 38. fxe8=Q+ Kxe8 39. Qf7# 1-0

[Event "Titled Tue 1st Jul Early"]
[Site "chess.com INT"]
[Date "2025.07.01"]
[Round "2"]
[White "Legenia, Artem"]
[Black "Politov, Pavel Y."]
[Result "0-1"]
[BlackTitle "FM"]
[WhiteElo "2092"]
[BlackElo "2190"]
[WhiteFideId "14136945"]
[BlackFideId "24110515"]
[EventDate "2025.07.01"]

1. e4 Nc6 2. Nf3 d5 3. Nc3 d4 4. Ne2 e5 5. Ng3 h5 6. h4 Bg4 7. Bc4 Be7 8. Be2 g6
9. d3 Bxf3 10. Bxf3 Bxh4 11. c3 Bxg3 12. fxg3 Qd6 13. c4 a5 14. g4 O-O-O 15.
gxh5 f5 16. Qe2 f4 17. Bg4+ Kb8 18. Bd2 Nf6 19. h6 Rh7 20. g3 Rdh8 21. gxf4 exf4
22. O-O-O Rxh6 23. Rxh6 Rxh6 24. e5 Qxe5 25. Qxe5 Nxe5 26. Bxf4 Nexg4 27. Bxh6
Nxh6 28. Rg1 Nhg4 29. Kd2 Kc8 30. a3 Kd7 31. b4 axb4 32. axb4 Ke6 33. Ra1 b6 34.
Ra7 Kd6 35. Ke2 Ne5 36. Ra8 Nh5 37. Rf8 g5 38. Kd2 Nf4 39. Rg8 Nfxd3 40. b5 Nf4
41. Kc2 g4 42. Kd2 Nxc4+ 43. Ke1 Ne3 44. Rg7 d3 45. Kd2 Nc4+ 46. Kc3 d2 47. Kc2
Ng2 48. Kd1 Nge3+ 0-1

[Event "Titled Tue 1st Jul Early"]
[Site "chess.com INT"]
[Date "2025.07.01"]
[Round "2"]
[White "Alikulov, Elbek"]
[Black "Rivera Huerta, Alberto"]
[Result "1-0"]
[WhiteTitle "IM"]
[BlackTitle "CM"]
[WhiteElo "2305"]
[BlackElo "1994"]
[WhiteFideId "14203308"]
[BlackFideId "5106052"]
[EventDate "2025.07.01"]

1. e4 c5 2. Nf3 Nc6 3. d4 cxd4 4. Nxd4 Qb6 5. Nxc6 bxc6 6. Nc3 e5 7. Bd3 Nf6 8.
O-O Be7 9. Kh1 O-O 10. Rb1 d5 11. f4 Ng4 12. Qe1 d4 13. Ne2 Ba6 14. h3 Ne3 15.
Bxe3 dxe3 16. fxe5 Bxd3 17. cxd3 Qb5 18. Nf4 Qxe5 19. Qxe3 Rad8 20. Ne2 Bd6 21.
g3 Bc5 22. Qf3 Rd6 23. Qf5 Qxf5 24. Rxf5 Bb6 25. Rd1 Rfd8 26. Rf3 f6 27. b3 Re6
28. Rff1 Re5 29. Kg2 Ra5 30. Nc1 Be3 31. a4 Ra6 32. Rfe1 Bxc1 33. Rxc1 Rxd3 34.
Rb1 Rb6 35. Rec1 Rbxb3 36. Rxb3 Rxb3 37. Rxc6 Rb4 38. Rc8+ Kf7 39. Rc7+ Kg6 40.
Rxa7 Rxe4 41. Ra8 Rb4 42. a5 h5 43. a6 Rb2+ 44. Kf3 Ra2 45. Ke3 Ra3+ 46. Kf2
Ra2+ 47. Ke1 Ra3 48. a7 1-0

[Event "Titled Tue 1st Jul Early"]
[Site "chess.com INT"]
[Date "2025.07.01"]
[Round "2"]
[White "Nugumanov, Bakhtiyar"]
[Black "Priasmoro, Novendra"]
[Result "1/2-1/2"]
[WhiteTitle "IM"]
[BlackTitle "GM"]
[WhiteElo "2305"]
[BlackElo "2426"]
[WhiteFideId "13701797"]
[BlackFideId "7105029"]
[EventDate "2025.07.01"]

1. e4 e5 2. Nf3 Nc6 3. Bb5 a6 4. Ba4 Nf6 5. O-O Nxe4 6. d4 b5 7. Bb3 d5 8. dxe5
Be6 9. Nbd2 Nc5 10. c3 Be7 11. Bc2 d4 12. Ne4 d3 13. Nxc5 dxc2 14. Qxd8+ Rxd8
15. Nxe6 fxe6 16. Be3 Rd5 17. Rac1 Nxe5 18. Nxe5 Rxe5 19. Rxc2 Kf7 20. Rd2 Rd5
21. Rxd5 exd5 22. Rd1 c6 23. Kf1 Bf6 24. Ke2 Re8 25. Kf3 Re4 26. Rc1 a5 27. a3
g5 28. h3 h5 29. g4 h4 30. Rc2 Ke6 31. b3 Kd7 32. Rc1 a4 33. b4 Rc4 34. Bd2 Ke6
35. Ke2 Kf7 36. Kd3 Re4 37. f3 Re6 38. Be3 Kg6 39. Re1 Bg7 40. Re2 Bf6 41. Bd4
Rxe2 42. Kxe2 Be7 43. Be3 Bd6 44. Kd3 Be5 45. Bd4 Bf4 46. Be3 Be5 47. Bc1 Kf6
48. Be3 Kg6 1/2-1/2

[Event "Titled Tue 1st Jul Early"]
[Site "chess.com INT"]
[Date "2025.07.01"]
[Round "2"]
[White "Waldhausen Gordon, Frederick"]
[Black "Viskelis, Darius"]
[Result "1-0"]
[WhiteTitle "FM"]
[BlackTitle "FM"]
[WhiteElo "2395"]
[BlackElo "2146"]
[WhiteFideId "2409143"]
[BlackFideId "12800830"]
[EventDate "2025.07.01"]

1. d4 d5 2. Nf3 Nf6 3. Bf4 c5 4. e3 Nc6 5. Nbd2 cxd4 6. exd4 Bf5 7. Bb5 Rc8 8.
O-O e6 9. c3 Qb6 10. Qb3 Be7 11. Be2 O-O 12. Qxb6 axb6 13. h3 Ne4 14. Rfe1 Na5
15. Bb5 Bd6 16. Nxe4 Bxf4 17. Ned2 Nc4 18. Nxc4 dxc4 19. Ne5 Bxe5 20. Rxe5 Bd3
21. Rae1 Ra8 22. a3 Ra5 23. Bd7 Rd8 24. Rxa5 bxa5 25. Bb5 Rd5 26. a4 Rg5 27. f4
Rf5 28. g3 Bc2 29. Re5 Rxe5 30. dxe5 Kf8 31. Kf2 f6 32. Ke3 Ke7 33. Kd4 Bb3 34.
Kc5 fxe5 35. fxe5 Kf7 36. Kd6 b6 37. h4 h5 38. Kc7 Kg6 39. Kxb6 Kf5 40. Kxa5
Kxe5 41. Kb6 Kd6 42. a5 Bc2 43. Bc6 e5 44. a6 e4 45. a7 e3 46. a8=Q e2 47. Qd8+ 1-0

[Event "Titled Tue 1st Jul Early"]
[Site "chess.com INT"]
[Date "2025.07.01"]
[Round "2"]
[White "Raptis, Nick"]
[Black "Esipenko, Andrey"]
[Result "0-1"]
[WhiteTitle "FM"]
[BlackTitle "GM"]
[WhiteElo "2220"]
[BlackElo "2679"]
[WhiteFideId "2016850"]
[BlackFideId "24175439"]
[EventDate "2025.07.01"]

1. d4 d5 2. Nc3 c6 3. e4 dxe4 4. Nxe4 Nf6 5. Nxf6+ exf6 6. Bd3 Bd6 7. Qh5 Na6 8.
c3 Nc7 9. Ne2 Nd5 10. O-O Be6 11. Bd2 Qd7 12. Rfe1 O-O-O 13. h3 g6 14. Qf3 h5
15. Nf4 Bg4 16. hxg4 hxg4 17. Qg3 f5 18. c4 Nf6 19. Qe3 Rde8 20. Qg3 g5 21.
Rxe8+ Rxe8 22. d5 cxd5 23. cxd5 Nxd5 24. Bxf5 Qxf5 0-1